Informačná funkcia controllingu vo vybranom podniku diplomová práca

Guardado en:
Detalles Bibliográficos
Autor principal: Medviďová, Simona
Autor Corporativo: Podnikovohospodárska fakulta EU so sídlom v Košiciach. Katedra ekonómie a manažmentu
Otros Autores: Olexová, Cecília, 1976-
Formato: Libro
Lenguaje:eslovaco
Publicado: Košice 2025
Etiquetas: Agregar Etiqueta
Sin Etiquetas, Sea el primero en etiquetar este registro!

MARC

LEADER 00000nbm a2200000 4500
001 0309048
005 20260203100651.4
041 0 |a slo 
044 |a SK 
245 1 0 |a Informačná funkcia controllingu vo vybranom podniku  |b diplomová práca  |c Simona Medviďová ; školiteľ: Cecília Olexová 
264 1 |a Košice  |c 2025 
300 |a 62 s. 
100 1 |a Medviďová, Simona 
700 1 |a Olexová, Cecília, 1976- 
710 2 |a Podnikovohospodárska fakulta EU so sídlom v Košiciach. Katedra ekonómie a manažmentu